Проблема ядерной безопасности на Корейском полуострове; Физико-технические проблемы в науке, промышленности и медицине (ФТПНПМ-2019)

Бібліографічні деталі
Parent link:Физико-технические проблемы в науке, промышленности и медицине (ФТПНПМ-2019).— 2019.— [С. 192-193]
Автор: Воробьев И. В.
Співавтор: Национальный исследовательский Томский политехнический университет
Резюме:Заглавие с экрана
Мова:Російська
Опубліковано: 2019
Серія:Актуальные вопросы ядерного нераспространения, безопасность и экология ядерной отрасли
Предмети:
Онлайн доступ:http://earchive.tpu.ru/handle/11683/56693
Формат: Електронний ресурс Частина з книги
KOHA link:https://koha.lib.tpu.ru/cgi-bin/koha/opac-detail.pl?biblionumber=630403

MARC

LEADER 00000naa2a2200000 4500
001 630403
005 20231102024447.0
035 |a (RuTPU)RU\TPU\conf\31398 
035 |a RU\TPU\conf\31397 
090 |a 630403 
100 |a 20191030d2019 k y0rusy50 ca 
101 0 |a rus 
102 |a RU 
105 |a y z 101zy 
135 |a drgn ---uucaa 
181 0 |a i  
182 0 |a b 
200 1 |a Проблема ядерной безопасности на Корейском полуострове  |f И. В. Воробьев 
203 |a Текст  |c электронный 
225 1 |a Актуальные вопросы ядерного нераспространения, безопасность и экология ядерной отрасли 
230 |a 1 компьютерный файл (pdf; 732 Kb) 
300 |a Заглавие с экрана 
320 |a [Библиогр.: с. 193 (3 назв.)] 
463 0 |0 (RuTPU)RU\TPU\conf\30850  |t Физико-технические проблемы в науке, промышленности и медицине (ФТПНПМ-2019)  |o сборник научных трудов Международной научно-практической конференции студентов, аспирантов и молодых ученых, г. Томск, 30 сентября - 04 октября 2019 г.  |f Национальный исследовательский Томский политехнический университет (ТПУ) ; под ред. А. Г. Горюнова [и др.]  |v [С. 192-193]  |d 2019 
610 1 |a труды учёных ТПУ 
610 1 |a электронный ресурс 
610 1 |a ядерная безопасность 
610 1 |a Корейский полуостров 
610 1 |a ядерный кризис 
610 1 |a мирное урегулирование 
610 1 |a нераспространение 
700 1 |a Воробьев  |b И. В. 
712 0 2 |a Национальный исследовательский Томский политехнический университет  |c (2009- )  |2 stltpush  |3 (RuTPU)RU\TPU\col\15902  |9 26305 
801 2 |a RU  |b 63413507  |c 20191112  |g RCR 
856 4 |u http://earchive.tpu.ru/handle/11683/56693 
942 |c BK